Odkaz profesora Pavlendu.

Zhodnotenie prínosov profesora V. Pavlendu k riešeniu národnostnej otázky, k riešeniu problematiky zamestnávania občanov so zmenenou pracovnou schopnosťou, k problematike rozdeľovania pracovných síl a k problematike sociálneho rozvoja.

Na minha lista:
Detalhes bibliográficos
Autor principal: Žolnay, Š.
Formato: Capítulo de Livro
Idioma:eslovaco
Assuntos:
Tags: Adicionar Tag
Sem tags, seja o primeiro a adicionar uma tag!

MARC

LEADER 00000naa a2200000 4500
001 r005800
005 20221125080753.0
041 0 |a slo 
044 |a [CS] 
245 1 0 |a Odkaz profesora Pavlendu.  |c Š. Žolnay 
520 |a Zhodnotenie prínosov profesora V. Pavlendu k riešeniu národnostnej otázky, k riešeniu problematiky zamestnávania občanov so zmenenou pracovnou schopnosťou, k problematike rozdeľovania pracovných síl a k problematike sociálneho rozvoja. 
610 2 0 |a Pavlenda, V. 
610 2 0 |a ekonómovia 
610 2 0 |a zamestnanosť 
610 2 0 |a schopnosti pracovné zmenené 
610 2 0 |a rozvoj sociálny 
100 1 |a Žolnay, Š.